000 00867nam a22002417a 4500
999 _c64036
_d64036
005 20240530110711.0
008 180121s2015 ua a g b 000 0dara d
017 _a2015/19279
_bمصر. دار الكتب
020 _a9789770933602
040 _aEG-CaGPL
_cEG-CaGPL
082 0 4 _221
_a224\
_bل ف
100 0 _aلبنى اسماعيل
245 1 0 _aفصلناه تفصيلا :
_bلغة القرآن وتأثيرها على المعنى /
_cلبنى اسماعيل .
250 _aط.1
260 _aالقاهرة :
_bدار الشروق ،
_c2015 .
300 _a385 ص. ؛
_c24 سم.
650 0 7 _2qrmak
_aالقرآن الكريم
650 0 7 _2qrmak
_aالقصص الدينية
650 0 7 _2qrmak
_aقصص الانبياء
650 0 7 _2qrmak
_aاسماء الله الحسنى
942 _2ddc
_cBK